Medzinárodné ekonomické právo
Gespeichert in:
| 1. Verfasser: | |
|---|---|
| Weitere Verfasser: | , |
| Format: | Buch |
| Sprache: | Slowakisch |
| Veröffentlicht: |
Praha
Wolters Kluwer
2017
|
| Ausgabe: | 1. vydanie |
| Schlagworte: | |
| Tags: |
Keine Tags, Fügen Sie das erste Tag hinzu!
|
MARC
| LEADER | 00000nam a2200000 4500 | ||
|---|---|---|---|
| 001 | 0287847 | ||
| 005 | 20240416113826.4 | ||
| 020 | |a 978-80-7552-530-7 | ||
| 041 | 0 | |a slo | |
| 044 | |a CZ | ||
| 245 | 1 | 0 | |a Medzinárodné ekonomické právo |c Petra Milošovičová, Daniela Nováčková, Jarmila Wefersová |
| 250 | |a 1. vydanie | ||
| 264 | 1 | |a Praha |b Wolters Kluwer |c 2017 | |
| 300 | |a 282 s. | ||
| 610 | 2 | 0 | |a právo medzinárodné |
| 610 | 2 | 0 | |a právo hospodárske |
| 610 | 2 | 0 | |a právo obchodné |
| 610 | 2 | 0 | |a dohody medzinárodné |
| 610 | 2 | 0 | |a organizácie ekonomické medzinárodné |
| 610 | 2 | 0 | |a spolupráca hospodárska medzinárodná |
| 610 | 2 | 0 | |a formy podnikov |
| 610 | 2 | 0 | |a investície |
| 610 | 2 | 0 | |a právo finančné |
| 610 | 2 | 0 | |a zmluvy hospodárske |
| 610 | 2 | 0 | |a zdanenie dvojité |
| 610 | 2 | 0 | |a sankcie |
| 100 | 1 | |a Milošovičová, Petra | |
| 700 | 1 | |a Nováčková, Daniela | |
| 700 | 1 | |a Wefersová, Jarmila | |